| 000 | 00982cam a2200253 4500 | ||
|---|---|---|---|
| 001 | ABS65450 | ||
| 008 | 020501n2002 000 0 eng u | ||
| 035 | _a(Sirsi) u117794 | ||
| 100 | _aCarroll, T | ||
| 245 | _aCapping the post - productivist concensus | ||
| 260 | _c2002 | ||
| 490 |
_aTown & Country Planning _v72(3) March 2002, 70-72(3) |
||
| 520 | _aReview of Curry Report "Farming and Food", produced to advise on creation of sustainable, competitive and diverse farming and food industry, within a thriving rural economy. Short timescale given to produce report has not hindered creation of coherent and pragmatic document. Concludes that issue of policy neglect of rural economy and role of agriculture still needs to be addressed. | ||
| 590 | _aABS | ||
| 650 | _aFARMING | ||
| 650 | _aCURRY REPORT | ||
| 650 | _aAGRICULTURE | ||
| 650 | _aRURAL ECONOMY | ||
| 650 | _aFOOD | ||
| 690 |
_aRural _96268 |
||
| 700 | _aLowe, P | ||
| 700 | _aWard, N | ||
| 942 | _n0 | ||
| 999 |
_c70144 _d70144 |
||